000
00304nam a22001337a 4500
008
170612b xxu||||| |||| 00| 0 eng d
020
_a
9780669218756
041
_a
eng
080
_a
328
100
_a
19
101
_a
SHP
245
_a
PERSPECTIVES IN AMERICAN GOVERNMENT
_c
LASSER, W
942
_2
udc
_c
BK
999
_c
16863
_d
16863